00836nam a2200241 a 450000100060000000300090000600800410001502000150005604000280007108200180009910000180011724500910013526000240022630000100025050501270026065000320038765000340041965000300045365000310048365000240051465000290053865000270056722851CO-ViMGA141112s2004 ck r 000 u spa d a9706135553 aCO-ViMGAbspacCO-ViMGA04a658.403 T824e1 aTucker, James10aLa empresa terapéutica : bLos conflictos y el control social en las organizaciones aMéxico : bOxford a149p. aIntroduccion, Ayuda s, a, La administracion terapeutica, La pacificacion terapeutica, La protesta terapeutica, Conclusion14aADMINISTRACION DE PERSONAL 14aASISTENCIA SOCIAL INDUSTRIAL 14aCOMFLICTOS EMPRESARIALES 14aPERSONAL - ADMINISTRACION 14aPERSONAL INDUSTRIA 14aRELACIONES INDUSTRIALES 14aSOCIOLOGIA INDUSTRIAL